<?xml version="1.0" encoding="UTF-8"?>
<record
    xmlns:xsi="http://www.w3.org/2001/XMLSchema-instance"
    xsi:schemaLocation="http://www.loc.gov/MARC21/slim http://www.loc.gov/standards/marcxml/schema/MARC21slim.xsd"
    xmlns="http://www.loc.gov/MARC21/slim">

  <leader>00765nam a2200205   4500</leader>
  <datafield tag="999" ind1=" " ind2=" ">
    <subfield code="c">85</subfield>
    <subfield code="d">85</subfield>
  </datafield>
  <controlfield tag="001">20574</controlfield>
  <controlfield tag="003">BD-DhUAP</controlfield>
  <controlfield tag="005">20240520173726.0</controlfield>
  <controlfield tag="008">200116s2017    bg a|||| |||| 00| 0 ben d</controlfield>
  <datafield tag="020" ind1=" " ind2=" ">
    <subfield code="a">9789849216445</subfield>
  </datafield>
  <datafield tag="040" ind1=" " ind2=" ">
    <subfield code="a">BD-DhUAP</subfield>
    <subfield code="b">Bangla</subfield>
    <subfield code="c">BD-DhUAP</subfield>
    <subfield code="d">BD-DhUAP</subfield>
  </datafield>
  <datafield tag="082" ind1=" " ind2=" ">
    <subfield code="2">23</subfield>
    <subfield code="a">005.133 RAH</subfield>
  </datafield>
  <datafield tag="100" ind1=" " ind2=" ">
    <subfield code="a">&#x9B0;&#x9B9;&#x9AE;&#x9BE;&#x9A8;, &#x986; &#x9A8; &#x9AE; &#x9AC;&#x99C;&#x9B2;&#x9C1;&#x9B0;&#x964; </subfield>
  </datafield>
  <datafield tag="245" ind1=" " ind2=" ">
    <subfield code="a">&#x99C;&#x9BE;&#x9AD;&#x9BE; &#x9AA;&#x9CD;&#x9B0;&#x9CB;&#x997;&#x9CD;&#x9B0;&#x9BE;&#x9AE;&#x9BF;&#x982; /</subfield>
    <subfield code="c">&#x986; &#x9A8; &#x9AE; &#x9AC;&#x99C;&#x9B2;&#x9C1;&#x9B0; &#x9B0;&#x9B9;&#x9AE;&#x9BE;&#x9A8;&#x964;</subfield>
  </datafield>
  <datafield tag="260" ind1=" " ind2=" ">
    <subfield code="a">&#x9A2;&#x9BE;&#x995;&#x9BE; :</subfield>
    <subfield code="b">&#x9A6;&#x9CD;&#x9AC;&#x9BF;&#x9AE;&#x9BF;&#x995; &#x9AA;&#x9CD;&#x9B0;&#x995;&#x9BE;&#x9B6;&#x9A8;&#x9C0;,</subfield>
    <subfield code="c">c&#x9E8;&#x9E6;&#x9E7;&#x9ED;&#x964;</subfield>
  </datafield>
  <datafield tag="300" ind1=" " ind2=" ">
    <subfield code="a">&#x9EA;&#x9EC;&#x9E9; &#x9AA;&#x9C3;&#x9B7;&#x9CD;&#x9A0;&#x9BE; :</subfield>
    <subfield code="b">&#x99A;&#x9BF;&#x9A4;&#x9CD;&#x9B0; ;</subfield>
    <subfield code="c">&#x9E8;&#x9EA; &#x9B8;&#x9C7;&#x9AE;&#x9BF;.&#x964;</subfield>
  </datafield>
  <datafield tag="650" ind1=" " ind2=" ">
    <subfield code="a">Java (Computer program language). </subfield>
  </datafield>
  <datafield tag="650" ind1=" " ind2=" ">
    <subfield code="a">Computer programming.</subfield>
  </datafield>
  <datafield tag="942" ind1=" " ind2=" ">
    <subfield code="2">ddc</subfield>
    <subfield code="c">BK</subfield>
  </datafield>
  <datafield tag="952" ind1=" " ind2=" ">
    <subfield code="0">0</subfield>
    <subfield code="1">0</subfield>
    <subfield code="2">ddc</subfield>
    <subfield code="4">0</subfield>
    <subfield code="7">0</subfield>
    <subfield code="a">UAPCL</subfield>
    <subfield code="b">UAPCL</subfield>
    <subfield code="c">General Stacks</subfield>
    <subfield code="d">2020-01-16</subfield>
    <subfield code="l">7</subfield>
    <subfield code="m">10</subfield>
    <subfield code="o">005.133 RAH</subfield>
    <subfield code="p">3010020574</subfield>
    <subfield code="r">2024-06-03</subfield>
    <subfield code="s">2024-05-16</subfield>
    <subfield code="t">1</subfield>
    <subfield code="w">2020-01-16</subfield>
    <subfield code="y">BK</subfield>
  </datafield>
  <datafield tag="952" ind1=" " ind2=" ">
    <subfield code="0">0</subfield>
    <subfield code="1">0</subfield>
    <subfield code="2">ddc</subfield>
    <subfield code="4">0</subfield>
    <subfield code="7">0</subfield>
    <subfield code="a">UAPCL</subfield>
    <subfield code="b">UAPCL</subfield>
    <subfield code="c">General Stacks</subfield>
    <subfield code="d">2020-01-16</subfield>
    <subfield code="l">5</subfield>
    <subfield code="m">5</subfield>
    <subfield code="o">005.133 RAH</subfield>
    <subfield code="p">3010020575</subfield>
    <subfield code="r">2023-08-24</subfield>
    <subfield code="s">2023-08-06</subfield>
    <subfield code="t">2</subfield>
    <subfield code="w">2020-01-16</subfield>
    <subfield code="y">BK</subfield>
  </datafield>
  <datafield tag="952" ind1=" " ind2=" ">
    <subfield code="0">0</subfield>
    <subfield code="1">0</subfield>
    <subfield code="2">ddc</subfield>
    <subfield code="4">0</subfield>
    <subfield code="7">0</subfield>
    <subfield code="a">UAPCL</subfield>
    <subfield code="b">UAPCL</subfield>
    <subfield code="c">General Stacks</subfield>
    <subfield code="d">2020-01-16</subfield>
    <subfield code="l">6</subfield>
    <subfield code="m">7</subfield>
    <subfield code="o">005.133 RAH</subfield>
    <subfield code="p">3010020570</subfield>
    <subfield code="q">2026-01-04</subfield>
    <subfield code="r">2025-12-21</subfield>
    <subfield code="s">2025-12-21</subfield>
    <subfield code="t">3</subfield>
    <subfield code="w">2020-01-16</subfield>
    <subfield code="y">BK</subfield>
  </datafield>
  <datafield tag="952" ind1=" " ind2=" ">
    <subfield code="0">0</subfield>
    <subfield code="1">0</subfield>
    <subfield code="2">ddc</subfield>
    <subfield code="4">0</subfield>
    <subfield code="7">0</subfield>
    <subfield code="a">UAPCL</subfield>
    <subfield code="b">UAPCL</subfield>
    <subfield code="c">General Stacks</subfield>
    <subfield code="d">2020-01-16</subfield>
    <subfield code="l">6</subfield>
    <subfield code="m">4</subfield>
    <subfield code="o">005.133 RAH</subfield>
    <subfield code="p">3010020578</subfield>
    <subfield code="r">2023-05-25</subfield>
    <subfield code="s">2023-02-13</subfield>
    <subfield code="t">4</subfield>
    <subfield code="w">2020-01-16</subfield>
    <subfield code="y">BK</subfield>
  </datafield>
  <datafield tag="952" ind1=" " ind2=" ">
    <subfield code="0">0</subfield>
    <subfield code="1">0</subfield>
    <subfield code="2">ddc</subfield>
    <subfield code="4">0</subfield>
    <subfield code="7">0</subfield>
    <subfield code="a">UAPCL</subfield>
    <subfield code="b">UAPCL</subfield>
    <subfield code="c">General Stacks</subfield>
    <subfield code="d">2020-01-16</subfield>
    <subfield code="l">1</subfield>
    <subfield code="o">005.133 RAH</subfield>
    <subfield code="p">3010020579</subfield>
    <subfield code="r">2022-08-07</subfield>
    <subfield code="s">2022-07-24</subfield>
    <subfield code="t">5</subfield>
    <subfield code="w">2020-01-16</subfield>
    <subfield code="y">BK</subfield>
  </datafield>
  <datafield tag="952" ind1=" " ind2=" ">
    <subfield code="0">0</subfield>
    <subfield code="1">0</subfield>
    <subfield code="2">ddc</subfield>
    <subfield code="4">0</subfield>
    <subfield code="7">0</subfield>
    <subfield code="a">UAPCL</subfield>
    <subfield code="b">UAPCL</subfield>
    <subfield code="c">General Stacks</subfield>
    <subfield code="d">2020-01-16</subfield>
    <subfield code="l">5</subfield>
    <subfield code="m">4</subfield>
    <subfield code="o">005.133 RAH</subfield>
    <subfield code="p">3010020577</subfield>
    <subfield code="r">2023-07-17</subfield>
    <subfield code="s">2023-03-28</subfield>
    <subfield code="t">6</subfield>
    <subfield code="w">2020-01-16</subfield>
    <subfield code="y">BK</subfield>
  </datafield>
  <datafield tag="952" ind1=" " ind2=" ">
    <subfield code="0">0</subfield>
    <subfield code="1">0</subfield>
    <subfield code="2">ddc</subfield>
    <subfield code="4">0</subfield>
    <subfield code="7">0</subfield>
    <subfield code="a">UAPCL</subfield>
    <subfield code="b">UAPCL</subfield>
    <subfield code="c">General Stacks</subfield>
    <subfield code="d">2020-01-16</subfield>
    <subfield code="l">1</subfield>
    <subfield code="m">2</subfield>
    <subfield code="o">005.133 RAH</subfield>
    <subfield code="p">3010020576</subfield>
    <subfield code="r">2023-04-12</subfield>
    <subfield code="s">2023-03-07</subfield>
    <subfield code="t">7</subfield>
    <subfield code="w">2020-01-16</subfield>
    <subfield code="y">BK</subfield>
  </datafield>
  <datafield tag="952" ind1=" " ind2=" ">
    <subfield code="0">0</subfield>
    <subfield code="1">0</subfield>
    <subfield code="2">ddc</subfield>
    <subfield code="4">0</subfield>
    <subfield code="7">0</subfield>
    <subfield code="a">UAPCL</subfield>
    <subfield code="b">UAPCL</subfield>
    <subfield code="c">General Stacks</subfield>
    <subfield code="d">2020-11-16</subfield>
    <subfield code="o">005.133 RAH</subfield>
    <subfield code="p">3010020572</subfield>
    <subfield code="r">2020-11-16</subfield>
    <subfield code="t">8</subfield>
    <subfield code="w">2020-11-16</subfield>
    <subfield code="y">BK</subfield>
  </datafield>
  <datafield tag="952" ind1=" " ind2=" ">
    <subfield code="0">0</subfield>
    <subfield code="1">0</subfield>
    <subfield code="2">ddc</subfield>
    <subfield code="4">0</subfield>
    <subfield code="7">0</subfield>
    <subfield code="a">UAPCL</subfield>
    <subfield code="b">UAPCL</subfield>
    <subfield code="c">General Stacks</subfield>
    <subfield code="d">2020-11-16</subfield>
    <subfield code="l">1</subfield>
    <subfield code="o">005.133 RAH</subfield>
    <subfield code="p">3010020573</subfield>
    <subfield code="q">2021-09-05</subfield>
    <subfield code="r">2021-08-22</subfield>
    <subfield code="s">2021-08-22</subfield>
    <subfield code="t">9</subfield>
    <subfield code="w">2020-11-16</subfield>
    <subfield code="y">BK</subfield>
  </datafield>
  <datafield tag="952" ind1=" " ind2=" ">
    <subfield code="0">0</subfield>
    <subfield code="1">0</subfield>
    <subfield code="2">ddc</subfield>
    <subfield code="4">0</subfield>
    <subfield code="7">0</subfield>
    <subfield code="a">UAPCL</subfield>
    <subfield code="b">UAPCL</subfield>
    <subfield code="c">General Stacks</subfield>
    <subfield code="d">2020-11-16</subfield>
    <subfield code="l">13</subfield>
    <subfield code="m">4</subfield>
    <subfield code="o">005.133 RAH</subfield>
    <subfield code="p">3010020571</subfield>
    <subfield code="r">2023-01-09</subfield>
    <subfield code="s">2022-11-21</subfield>
    <subfield code="t">10</subfield>
    <subfield code="w">2020-11-16</subfield>
    <subfield code="y">BK</subfield>
  </datafield>
</record>
